[Event "16e Open International - Réunion"]
[Site "Saint-Denis (974)"]
[Date "2014.10.18"]
[Round "2.26"]
[White "Labrande, Emmanuel"]
[Black "Hubert, Nathan"]
[Result "1-0"]
[WhiteElo "1389"]
[BlackElo "1099"]
[PlyCount "53"]
[EventDate "2014.??.??"]

1. e4 e5 2. Nf3 Nc6 3. Bc4 Bc5 4. c3 Nf6 5. d4 Bd6 6. d5 Ne7 7. Qe2 O-O 8. Bg5
Qe8 9. Bxf6 Ng6 10. Bg5 c6 11. O-O Bc5 12. h4 Nxh4 13. Bxh4 d6 14. Nbd2 Bd7 15.
a4 f6 16. a5 a6 17. Qd3 Rb8 18. dxc6+ Be6 19. cxb7 Qe7 20. Bxa6 Rfd8 21. b4 d5
22. bxc5 dxe4 23. Qxe4 Rd5 24. Nxe5 f5 25. Bxe7 fxe4 26. c4 Rd3 27. Nxe4 1-0

[Event "16e Open International - Réunion"]
[Site "Saint-Denis (974)"]
[Date "2014.10.18"]
[Round "2.27"]
[White "Alex-Geerjanan, Nils"]
[Black "Labrande, Jean Donatien"]
[Result "0-1"]
[WhiteElo "1009"]
[BlackElo "1372"]
[PlyCount "46"]
[EventDate "2014.??.??"]

1. e4 e5 2. d3 Nc6 3. c4 Bb4+ 4. Nc3 Nf6 5. Bd2 d6 6. Nb5 Bc5 7. Nf3 a6 8. Nc3
Ng4 9. h3 Nxf2 10. Ke2 Nxd1 11. Kxd1 Nd4 12. Nxd4 Bxd4 13. Ne2 Bxb2 14. Rb1 Bd4
15. Nxd4 exd4 16. Rb4 O-O 17. a3 b5 18. cxb5 axb5 19. Rxb5 Rxa3 20. Rb8 Qf6 21.
Bc1 Ra2 22. Be2 Qf2 23. Rf1 Qxe2# 0-1

[Event "16e Open International - Réunion"]
[Site "Saint-Denis (974)"]
[Date "2014.10.18"]
[Round "2.28"]
[White "Sandjivy, Jean Marc"]
[Black "Caminade, Hugo"]
[Result "1-0"]
[WhiteElo "1366"]
[BlackElo "1070"]
[PlyCount "55"]
[EventDate "2014.??.??"]

1. c4 e6 2. Nc3 g6 3. e3 Bg7 4. d4 c6 5. Nf3 Ne7 6. Bd2 d5 7. cxd5 cxd5 8. Bd3
Nd7 9. O-O b6 10. Re1 Bb7 11. e4 O-O 12. Qc1 Re8 13. Bh6 Rc8 14. Bxg7 Kxg7 15.
Qe3 Nf6 16. e5 Nd7 17. h4 Qc7 18. h5 Rf8 19. hxg6 fxg6 20. Ng5 Nf5 21. Bxf5
Rxf5 22. Nxe6+ Kg8 23. Nxc7 Rxc7 24. e6 Nf6 25. e7 Bc6 26. Rac1 Kf7 27. Nb5
Rxe7 28. Qxe7+ 1-0

[Event "16e Open International - Réunion"]
[Site "Saint-Denis (974)"]
[Date "2014.10.18"]
[Round "3.1"]
[White "Mezouaghi, Miloud"]
[Black "Reinhart, Emmanuel"]
[Result "0-1"]
[WhiteElo "2037"]
[BlackElo "2355"]
[PlyCount "64"]
[EventDate "2014.??.??"]

1. c4 c6 2. Nf3 d5 3. g3 Nf6 4. Bg2 Bf5 5. O-O e6 6. b3 Nbd7 7. Bb2 Be7 8. d3
h6 9. Nbd2 O-O 10. Re1 Bh7 11. Qc2 a5 12. a3 Qb6 13. Qc3 Rfd8 14. Rad1 Bc5 15.
d4 Bf8 16. Ne5 Nxe5 17. dxe5 d4 18. Qf3 Nd7 19. Qf4 g5 20. Qxd4 Bc5 21. Qc3
Bxf2+ 22. Kh1 Bxe1 23. Rxe1 Nc5 24. Rf1 Rd7 25. h4 Qd8 26. Nf3 Ne4 27. Qe1 Qb6
28. hxg5 Rad8 29. Kh2 hxg5 30. Qc1 Qxb3 31. Nxg5 Qxg3+ 32. Kh1 Nxg5 0-1

[Event "16e Open International - Réunion"]
[Site "Saint-Denis (974)"]
[Date "2014.10.18"]
[Round "3.3"]
[White "Payet, Jean-Claude"]
[Black "Moret, Vincent"]
[Result "1/2-1/2"]
[WhiteElo "1893"]
[BlackElo "2175"]
[PlyCount "54"]
[EventDate "2014.??.??"]

1. e4 c5 2. Nf3 d6 3. d4 cxd4 4. Nxd4 Nf6 5. Nc3 g6 6. f3 Bg7 7. Be3 O-O 8. Qd2
Nc6 9. g4 Nxd4 10. Bxd4 Be6 11. h4 Qa5 12. Be2 Rfc8 13. g5 Nh5 14. Bxg7 Kxg7
15. f4 Ng3 16. Rg1 Nxe2 17. Nxe2 Qxd2+ 18. Kxd2 Rc4 19. Ng3 Rac8 20. c3 b5 21.
a3 a5 22. h5 b4 23. h6+ Kf8 24. axb4 axb4 25. Rac1 bxc3+ 26. Rxc3 Rxc3 27. bxc3
Bd7 1/2-1/2

[Event "16e Open International - Réunion"]
[Site "Saint-Denis (974)"]
[Date "2014.10.18"]
[Round "3.4"]
[White "Stahl, Clement"]
[Black "Calmels, Nicolas"]
[Result "1-0"]
[WhiteElo "2149"]
[BlackElo "1884"]
[PlyCount "27"]
[EventDate "2014.??.??"]

1. d4 Nf6 2. Nc3 d5 3. Bf4 c6 4. f3 Nh5 5. Bg5 f6 6. Bh4 Qb6 7. Qd2 g5 8. Bf2
Be6 9. e3 Nd7 10. Bd3 f5 11. Nge2 Nhf6 12. e4 fxe4 13. fxe4 O-O-O 14. Na4 1-0

[Event "16e Open International - Réunion"]
[Site "Saint-Denis (974)"]
[Date "2014.10.18"]
[Round "3.5"]
[White "Rajaonson, Andriamahenina"]
[Black "Rodier, David"]
[Result "0-1"]
[WhiteElo "1864"]
[BlackElo "2136"]
[PlyCount "46"]
[EventDate "2014.??.??"]

1. e4 c5 2. c4 Nc6 3. Nc3 g6 4. Nf3 Bg7 5. Be2 d6 6. O-O Bg4 7. d3 Bxf3 8. Bxf3
e6 9. Rb1 Nge7 10. Bg5 h6 11. Bf4 O-O 12. Qd2 Kh7 13. Nb5 e5 14. Be3 f5 15.
exf5 gxf5 16. Qe1 Ng6 17. Bd5 a6 18. Nc3 f4 19. Bd2 f3 20. Bxf3 Rxf3 21. gxf3
Nd4 22. Qd1 Nh4 23. h3 Ndxf3+ 0-1

[Event "16e Open International - Réunion"]
[Site "Saint-Denis (974)"]
[Date "2014.10.18"]
[Round "3.6"]
[White "Stratonowitsch, Andre"]
[Black "Francou, Yvon"]
[Result "1-0"]
[WhiteElo "2124"]
[BlackElo "1670"]
[PlyCount "103"]
[EventDate "2014.??.??"]

1. e4 e5 2. Nf3 Nc6 3. Bb5 a6 4. Ba4 b5 5. Bb3 Bc5 6. O-O Nf6 7. c3 O-O 8. d4
Bb6 9. Re1 d6 10. h3 Nd7 11. Bg5 Qe8 12. Bd5 Bb7 13. a4 Rb8 14. axb5 axb5 15.
Na3 Na7 16. Bxb7 Rxb7 17. Nc2 f6 18. Bh4 Nc6 19. dxe5 fxe5 20. Qd5+ Kh8 21.
Qxc6 Rb8 22. Ne3 Qg6 23. Qxd7 Rxf3 24. Qg4 Qxg4 25. hxg4 Rf4 26. f3 h6 27. Bf2
Rf7 28. Nf5 Bxf2+ 29. Kxf2 Kh7 30. Rh1 Re8 31. Ra7 Rb8 32. Ke3 Kg6 33. b3 Rc8
34. Rha1 Rb8 35. R1a6 Kg5 36. Nxd6 Rf6 37. Rxc7 Kg6 38. Rac6 Kg5 39. Nf5 Rxc6
40. Rxc6 g6 41. Ne7 Kh4 42. Nxg6+ Kg3 43. Nxe5 Kxg2 44. Rxh6 Re8 45. f4 Rc8 46.
c4 b4 47. g5 Ra8 48. Rc6 Ra2 49. g6 Kf1 50. g7 Re2+ 51. Kd3 Rg2 52. Rg6 1-0

[Event "16e Open International - Réunion"]
[Site "Saint-Denis (974)"]
[Date "2014.10.18"]
[Round "3.7"]
[White "Gallet, Hadrien"]
[Black "Wimmer, Olivier"]
[Result "1/2-1/2"]
[WhiteElo "1614"]
[BlackElo "2044"]
[PlyCount "92"]
[EventDate "2014.??.??"]

1. d4 d5 2. c4 c6 3. Nc3 Nf6 4. Bf4 dxc4 5. a4 Nd5 6. Bxb8 Rxb8 7. e4 Nxc3 8.
bxc3 Qa5 9. Qc1 Be6 10. Nf3 h6 11. Ne5 Rd8 12. Qe3 Qa6 13. Be2 g6 14. Qg3 b5
15. O-O b4 16. f4 bxc3 17. f5 gxf5 18. exf5 Bd5 19. Bh5 Rh7 20. Rf4 c2 21. Re1
Rg7 22. Rg4 Rxg4 23. Qxg4 Rd6 24. f6 Be6 25. Qg8 exf6 26. Bxf7+ Kd8 27. Bxe6
Rxe6 28. Qxe6 fxe5 29. Qxe5 Ba3 30. Qh8+ Kd7 31. Qh7+ Kd8 32. Qxc2 Qa5 33. Rf1
Qd5 34. Qd2 Bd6 35. g3 c5 36. Qa5+ Ke8 37. Re1+ Kf7 38. Rd1 Kg6 39. Qb5 Kg5 40.
Kf2 Qf5+ 41. Ke2 Qe4+ 42. Kd2 Qxd4+ 43. Kc2 Qe4+ 44. Kc1 Qe3+ 45. Kc2 Qe4+ 46.
Kc1 Qe3+ 1/2-1/2

[Event "16e Open International - Réunion"]
[Site "Saint-Denis (974)"]
[Date "2014.10.18"]
[Round "3.8"]
[White "Kibria, Golam"]
[Black "Cochard, Franck-Olivier"]
[Result "0-1"]
[WhiteElo "1899"]
[BlackElo "1655"]
[PlyCount "62"]
[EventDate "2014.??.??"]

1. c4 g6 2. Nc3 Bg7 3. g3 Nf6 4. Bg2 e6 5. e4 O-O 6. d4 c6 7. Be3 d5 8. e5 Nfd7
9. cxd5 cxd5 10. Nge2 Nc6 11. O-O Nb6 12. Nb5 Nc4 13. b3 Nxe3 14. fxe3 a6 15.
Nd6 f6 16. exf6 Bxf6 17. Nxc8 Rxc8 18. Bh3 Qd7 19. Nf4 Rce8 20. Qg4 Kf7 21.
Rac1 Qe7 22. Nd3 Kg8 23. Nc5 e5 24. Qd7 exd4 25. Qxe7 Bxe7 26. Rxf8+ Bxf8 27.
Be6+ Kh8 28. Bxd5 dxe3 29. Nxb7 Nd4 30. Kf1 e2+ 31. Kf2 Bb4 0-1

[Event "16e Open International - Réunion"]
[Site "Saint-Denis (974)"]
[Date "2014.10.18"]
[Round "3.9"]
[White "Rajaobelina, Hery"]
[Black "Riviere, Etienne"]
[Result "1/2-1/2"]
[WhiteElo "1887"]
[BlackElo "1580"]
[PlyCount "52"]
[EventDate "2014.??.??"]

1. e4 e5 2. Nf3 Nc6 3. Bb5 a6 4. Ba4 Nf6 5. O-O Be7 6. Re1 d6 7. c3 b5 8. Bb3
Na5 9. Bc2 c5 10. d4 Nd7 11. d5 O-O 12. Nbd2 Nb6 13. h3 f5 14. exf5 Bxf5 15.
Ne4 h6 16. Be3 Nac4 17. Bc1 Rc8 18. b3 Na5 19. Be3 Qe8 20. Nxe5 Bxe4 21. Bxe4
dxe5 22. Qg4 Qd7 23. Qg6 Rf6 24. Qh7+ Kf7 25. g4 Qe8 26. g5 hxg5 1/2-1/2

[Event "16e Open International - Réunion"]
[Site "Saint-Denis (974)"]
[Date "2014.10.18"]
[Round "3.10"]
[White "Dennemont, Bruno"]
[Black "Frelicot, Eric"]
[Result "0-1"]
[WhiteElo "1620"]
[BlackElo "1841"]
[PlyCount "92"]
[EventDate "2014.??.??"]

1. e4 c6 2. c4 e5 3. Nf3 d6 4. Nc3 Bg4 5. Be2 Nf6 6. d3 Nbd7 7. Be3 Be7 8. d4
Bxf3 9. Bxf3 exd4 10. Bxd4 Ne5 11. b3 Qa5 12. O-O Rd8 13. Re1 O-O 14. Be2 c5
15. Bxe5 dxe5 16. Nd5 Nxd5 17. exd5 Rd6 18. Bd3 Bf6 19. Qc2 e4 20. Bxe4 Bxa1
21. Rxa1 g6 22. g3 Re8 23. Bg2 Qd8 24. Qb2 Qf6 25. Qxf6 Rxf6 26. Kf1 b6 27. Rd1
Kf8 28. f4 g5 29. Kf2 gxf4 30. gxf4 Rxf4+ 31. Kg3 Rf6 32. Rf1 Rxf1 33. Bxf1 Ke7
34. Bd3 h6 35. Kf3 Kd6 36. a4 f6 37. Kf4 Re5 38. h4 a5 39. Be4 Re7 40. Bf3 Re1
41. Be4 Rf1+ 42. Kg4 Ke5 43. Bd3 f5+ 44. Kg3 Rd1 45. Be2 Rb1 46. Kg2 Rxb3 0-1

[Event "16e Open International - Réunion"]
[Site "Saint-Denis (974)"]
[Date "2014.10.18"]
[Round "3.11"]
[White "Jourde, Michel"]
[Black "Triton, Maxime"]
[Result "0-1"]
[WhiteElo "1805"]
[BlackElo "1450"]
[PlyCount "96"]
[EventDate "2014.??.??"]

1. e4 d5 2. exd5 Nf6 3. Nf3 Nxd5 4. d4 Nc6 5. Be2 Bf5 6. c3 e6 7. Nbd2 Be7 8.
O-O O-O 9. Nc4 Re8 10. Ne3 Bg6 11. Ng4 Qd6 12. Nge5 Bf5 13. g4 Be4 14. Nc4 Qd8
15. Nfe5 Nxe5 16. Nxe5 Bd6 17. f3 Bg6 18. Nxg6 hxg6 19. f4 Qh4 20. c4 Nf6 21.
c5 Be7 22. Be3 Red8 23. Bf3 Nd5 24. Bf2 Qf6 25. Bg3 Ne3 26. g5 Qf5 27. Qa4 Nxf1
28. Rxf1 c6 29. Re1 Qd3 30. Kg2 Rxd4 31. Qa5 Qd2+ 32. Qxd2 Rxd2+ 33. Re2 Rxe2+
34. Bxe2 Bxc5 35. Kf3 Rd8 36. Be1 Bd4 37. b3 b5 38. h3 e5 39. Bd2 Re8 40. Bd3
exf4 41. Kxf4 Rd8 42. Ke4 Bb6 43. Bc3 b4 44. Bb2 Re8+ 45. Kf4 Be3+ 46. Kg4 Rd8
47. Bc4 Rd2 48. Bc1 Rd4+ 0-1

[Event "16e Open International - Réunion"]
[Site "Saint-Denis (974)"]
[Date "2014.10.18"]
[Round "3.12"]
[White "Hoareau, Noe"]
[Black "Duprey, Francois-Xavier"]
[Result "1-0"]
[WhiteElo "1557"]
[BlackElo "1764"]
[PlyCount "67"]
[EventDate "2014.??.??"]

1. c4 e6 2. e4 c5 3. Nc3 a6 4. Nge2 Nc6 5. g3 Nf6 6. Bg2 Qc7 7. O-O h5 8. d3 h4
9. Nf4 Bd6 10. Nfe2 h3 11. Bh1 Ne7 12. f4 e5 13. f5 b6 14. Nd5 Nexd5 15. exd5
b5 16. b3 Bb7 17. Nc3 e4 18. Bf4 Bxf4 19. Rxf4 Qe5 20. Nxe4 O-O-O 21. Nxf6 Qxf6
22. cxb5 axb5 23. d4 d6 24. Rc1 Kb8 25. dxc5 dxc5 26. Rxc5 Qa6 27. Qd4 f6 28.
a4 bxa4 29. Qxa4 Qe2 30. Qe4 Qd1+ 31. Rf1 Qxb3 32. Rb1 Qa3 33. Rxb7+ Kxb7 34.
d6+ 1-0

[Event "16e Open International - Réunion"]
[Site "Saint-Denis (974)"]
[Date "2014.10.18"]
[Round "3.13"]
[White "Desire, Michael"]
[Black "Romain, Juliane"]
[Result "1-0"]
[WhiteElo "1751"]
[BlackElo "1412"]
[PlyCount "69"]
[EventDate "2014.??.??"]

1. d4 d5 2. c4 e6 3. Nf3 Nf6 4. Nc3 Be7 5. Bf4 O-O 6. e3 Nbd7 7. Bd3 b6 8. Qe2
dxc4 9. Bxc4 Bb7 10. e4 Bb4 11. Bd3 c5 12. e5 Nd5 13. Bxh7+ Kh8 14. Bd2 cxd4
15. Nxd5 Bxd2+ 16. Nxd2 Bxd5 17. Qh5 Re8 18. Bg6+ Kg8 19. Bxf7+ Kf8 20. Bg6 Qc7
21. Qh8+ Ke7 22. Qxg7+ Kd8 23. Bxe8 Kxe8 24. f4 Qc6 25. O-O Qc2 26. Nf3 d3 27.
Rf2 Qc5 28. Qg6+ Kd8 29. Qxd3 Rc8 30. Ng5 Qc6 31. Nf7+ Ke7 32. Qh7 Nf8 33. Qg7
Rc7 34. Nd6+ Kd8 35. Qxf8+ 1-0

[Event "16e Open International - Réunion"]
[Site "Saint-Denis (974)"]
[Date "2014.10.18"]
[Round "3.14"]
[White "Sandjivy, Mateo"]
[Black "Bah, Ismael"]
[Result "0-1"]
[WhiteElo "1432"]
[BlackElo "1745"]
[PlyCount "152"]
[EventDate "2014.??.??"]

1. e4 c6 2. Nf3 d5 3. e5 Bf5 4. d4 e6 5. Nc3 a6 6. Bd3 Bxd3 7. Qxd3 c5 8. dxc5
Bxc5 9. Be3 Nd7 10. Bxc5 Nxc5 11. Qe3 Qc7 12. O-O Ne7 13. Rfd1 Rc8 14. Ne2 Nf5
15. Qf4 O-O 16. c3 Ne7 17. Ned4 Ng6 18. Qe3 Ne4 19. Nd2 Nxd2 20. Rxd2 Nxe5 21.
b3 Qxc3 22. Qxc3 Rxc3 23. Re1 Nd7 24. h3 Rfc8 25. Rde2 Rc1 26. Rxc1 Rxc1+ 27.
Kh2 Nc5 28. Nf5 g6 29. Ne7+ Kf8 30. Nc8 Nxb3 31. axb3 Rxc8 32. f3 d4 33. f4 Rc3
34. b4 d3 35. Rd2 Rb3 36. h4 Rxb4 37. Rxd3 Rxf4 38. g3 Rc4 39. Kh3 h6 40. Rb3
b5 41. Ra3 Rc6 42. Kg2 b4 43. Ra4 Rb6 44. Kf3 b3 45. Ra1 b2 46. Rb1 a5 47. Ke2
a4 48. Kd2 a3 49. Kc2 Rc6+ 50. Kb3 Rc1 51. Ka2 Rxb1 52. Kxb1 Ke7 53. Ka2 Kd6
54. Kb1 Ke5 55. Ka2 Ke4 56. Kb1 Kf3 57. Ka2 e5 58. Kb1 e4 59. Ka2 e3 60. Kb1 e2
61. Ka2 b1=Q+ 62. Kxb1 e1=R+ 63. Ka2 Rc1 64. Kxa3 Ke3 65. Kb2 Rc8 66. Kb3 Kd4
67. Kb2 Kd3 68. Kb1 Kd2 69. Kb2 Rb8+ 70. Ka3 Kc3 71. Ka4 Rb1 72. Ka5 Kc4 73.
Ka6 Kc5 74. Ka7 Kc6 75. Ka8 Kc7 76. Ka7 Ra1# 0-1

[Event "16e Open International - Réunion"]
[Site "Saint-Denis (974)"]
[Date "2014.10.18"]
[Round "3.15"]
[White "Vitry, Patrick"]
[Black "Collet, Jean Daniel"]
[Result "0-1"]
[WhiteElo "1733"]
[BlackElo "1399"]
[PlyCount "88"]
[EventDate "2014.??.??"]

1. e4 c5 2. Nf3 d6 3. Nc3 Nf6 4. d4 cxd4 5. Nxd4 a6 6. Be3 g6 7. Be2 Bg7 8. O-O
O-O 9. Qd2 Nbd7 10. f3 Ne5 11. Nb3 Be6 12. Nd5 Bxd5 13. exd5 Rc8 14. Rad1 Nfd7
15. c3 b5 16. Nd4 Nb6 17. Nc2 Nbc4 18. Bxc4 Nxc4 19. Qc1 Nxe3 20. Qxe3 Re8 21.
Nb4 e6 22. Qd3 exd5 23. Qxd5 Qh4 24. g3 Qh3 25. Rd2 Re6 26. f4 Rce8 27. Qg2 Qg4
28. h3 Qf5 29. Nd5 Re1 30. Rxe1 Rxe1+ 31. Kh2 Qb1 32. Re2 Bf8 33. Rxe1 Qxe1 34.
g4 Bg7 35. Nc7 h6 36. Nxa6 g5 37. Qg1 Qd2+ 38. Kh1 gxf4 39. Qf1 Qd5+ 40. Kg1
Be5 41. Qe2 f3 42. Qe3 Bg3 43. Qd4 f2+ 44. Kf1 Qh1+ 0-1

[Event "16e Open International - Réunion"]
[Site "Saint-Denis (974)"]
[Date "2014.10.18"]
[Round "3.16"]
[White "Labrande, Eleonore"]
[Black "Goorsahye, Antoine"]
[Result "0-1"]
[WhiteElo "1400"]
[BlackElo "1726"]
[PlyCount "64"]
[EventDate "2014.??.??"]

1. e4 e5 2. Nf3 Nc6 3. Bc4 Nf6 4. Ng5 Bc5 5. Nxf7 Bxf2+ 6. Kf1 Qe7 7. Nxh8 d5
8. Be2 Be6 9. d3 O-O-O 10. exd5 Nxd5 11. Bf3 Bb6 12. c3 Rxh8 13. Qe2 Rf8 14.
Ke1 Kb8 15. Rf1 g5 16. Bxd5 Rxf1+ 17. Qxf1 Bxd5 18. b4 a6 19. Ba3 Qg7 20. Bb2
e4 21. dxe4 Bxe4 22. Qe2 Qg6 23. Nd2 Bd3 24. Qf3 Qe6+ 25. Kd1 Bf5 26. Qf1 Ne5
27. Nf3 Bg4 28. Qe2 Qd5+ 29. Qd2 Nd3 30. Ke2 Qe4+ 31. Kd1 Nf2+ 32. Kc1 Be3 0-1

[Event "16e Open International - Réunion"]
[Site "Saint-Denis (974)"]
[Date "2014.10.18"]
[Round "3.17"]
[White "Andriandaza, Tombo Omar"]
[Black "Labrande, Emmanuel"]
[Result "1-0"]
[WhiteElo "1717"]
[BlackElo "1389"]
[PlyCount "95"]
[EventDate "2014.??.??"]

1. d4 g6 2. e4 Bg7 3. Bc4 d6 4. c3 a6 5. a4 Nf6 6. f3 O-O 7. Ne2 e6 8. Bg5 Qe8
9. a5 Bd7 10. O-O h6 11. Be3 Bb5 12. Bd3 Bxd3 13. Qxd3 Qd7 14. c4 Nc6 15. Qd2
Rfe8 16. Bxh6 Kh7 17. Be3 Rh8 18. Ra3 Kg8 19. Rb3 Rb8 20. Nbc3 Qd8 21. d5 Ne7
22. Ba7 Ra8 23. Bd4 c5 24. Be3 Rb8 25. Rd1 e5 26. Rb1 Qf8 27. Nc1 Bh6 28. Bxh6
Qxh6 29. Qxh6 Rxh6 30. Na4 Nc8 31. Nb6 Nxb6 32. Rxb6 Ne8 33. b4 Kg7 34. bxc5
Rc8 35. cxd6 Nf6 36. Rxb7 Rc5 37. d7 Nxd7 38. Rxd7 Rxa5 39. Rb3 Rc5 40. Ra7 g5
41. h3 Ra5 42. Kf2 Rf6 43. Rd3 Rb6 44. d6 Rxd6 45. Rxd6 Ra1 46. Rdxa6 Rxc1 47.
Rc6 Rc2+ 48. Kg3 1-0

[Event "16e Open International - Réunion"]
[Site "Saint-Denis (974)"]
[Date "2014.10.18"]
[Round "3.18"]
[White "Mablouke, Ulrich"]
[Black "Sandjivy, Jean Marc"]
[Result "0-1"]
[WhiteElo "1702"]
[BlackElo "1366"]
[PlyCount "58"]
[EventDate "2014.??.??"]

1. e4 c5 2. c3 d6 3. Nf3 Nc6 4. Bc4 Nf6 5. Qb3 e6 6. d3 Qc7 7. Nbd2 Na5 8. Qc2
Nxc4 9. Nxc4 b5 10. Ne3 Bb7 11. O-O Be7 12. h3 c4 13. Nd2 cxd3 14. Qxd3 d5 15.
exd5 Nxd5 16. Nxd5 Bxd5 17. Qxb5+ Bc6 18. Qe2 O-O 19. Nf3 a6 20. Be3 Bb5 21.
Qc2 Bxf1 22. Rxf1 h6 23. Bd4 Bc5 24. Be5 Bd6 25. Bxd6 Qxd6 26. Rd1 Qb6 27. Ne5
Rfd8 28. Rd7 Rxd7 29. Nxd7 Qd6 0-1

[Event "16e Open International - Réunion"]
[Site "Saint-Denis (974)"]
[Date "2014.10.18"]
[Round "3.19"]
[White "Weber, Richard"]
[Black "Collet, Marine Celine Theres"]
[Result "1-0"]
[WhiteElo "1650"]
[BlackElo "1009"]
[PlyCount "87"]
[EventDate "2014.??.??"]

1. Nf3 Nc6 2. e4 e5 3. Bb5 a6 4. Bxc6 dxc6 5. Nxe5 Qd4 6. Nd3 Qxe4+ 7. Qe2
Qxe2+ 8. Kxe2 Bg4+ 9. f3 Bf5 10. Re1 O-O-O 11. Nc3 Nf6 12. g4 Re8+ 13. Kd1 Bg6
14. Rxe8+ Nxe8 15. f4 Be4 16. Nxe4 Nd6 17. Ng3 Nc4 18. b3 Na3 19. Bxa3 Bxa3 20.
c4 Rd8 21. Kc2 g6 22. Re1 Kb8 23. Re2 Rd7 24. Re8+ Ka7 25. Ne2 f5 26. Ne5 Rg7
27. g5 Bd6 28. d4 c5 29. d5 c6 30. dxc6 bxc6 31. Nxc6+ Kb7 32. Nd8+ Kc7 33.
Ne6+ Kd7 34. Nxg7 Kc6 35. h4 a5 36. h5 Kd7 37. hxg6 hxg6 38. Re6 Bc7 39. Rxg6
Ke7 40. Nxf5+ Kf7 41. Rc6 Bd8 42. g6+ Kg8 43. Rc8 Kf8 44. Rxd8# 1-0

[Event "16e Open International - Réunion"]
[Site "Saint-Denis (974)"]
[Date "2014.10.18"]
[Round "3.20"]
[White "Etheve, Loic"]
[Black "Fontaine, Cedric"]
[Result "0-1"]
[WhiteElo "1399"]
[BlackElo "1642"]
[PlyCount "82"]
[EventDate "2014.??.??"]

1. e4 c5 2. Bc4 e6 3. Nc3 a6 4. a3 Qc7 5. d3 Nc6 6. Nge2 Bd6 7. f4 Nd4 8. Be3
Nxe2 9. Nxe2 b5 10. Bb3 Bb7 11. Qd2 Nh6 12. f5 Ng4 13. O-O-O Nxe3 14. Qxe3 Be5
15. h3 O-O-O 16. Kb1 d5 17. g4 c4 18. Ba2 Rhe8 19. d4 Qb6 20. Qg1 Bc7 21. e5
Rd7 22. Nf4 a5 23. Nh5 Rg8 24. f6 g6 25. Nf4 b4 26. Qg3 Ba6 27. a4 Qc6 28. b3
c3 29. Nd3 Bxd3 30. Rxd3 g5 31. h4 gxh4 32. Rxh4 Rh8 33. Qh3 Qb6 34. Rxh7 Rxh7
35. Qxh7 Bxe5 36. g5 Bxd4 37. Qg8+ Kc7 38. Ka1 Be5 39. Bb1 Qg1 40. Qa8 Kb6 41.
Qe8 Qc1 0-1

[Event "16e Open International - Réunion"]
[Site "Saint-Denis (974)"]
[Date "2014.10.18"]
[Round "3.22"]
[White "Labrande, Theodore"]
[Black "Atlan, Yoram"]
[Result "1-0"]
[WhiteElo "1471"]
[BlackElo "1270"]
[PlyCount "53"]
[EventDate "2014.??.??"]

1. e4 e5 2. Nf3 Nc6 3. Bc4 Bc5 4. O-O Nf6 5. Nc3 d6 6. h3 Qe7 7. d3 h6 8. Bd5
Bd7 9. Nb5 Bb6 10. Nd2 Nxd5 11. exd5 Nd4 12. Nxd4 Bxd4 13. c3 Bb6 14. a4 c6 15.
a5 Bc7 16. a6 b6 17. dxc6 Bxc6 18. f4 Bb5 19. c4 Bc6 20. Qg4 Bd7 21. Qxg7 O-O-O
22. Qg3 Rhg8 23. Qf3 e4 24. Nxe4 Be6 25. f5 Bd7 26. Nxd6+ Qxd6 27. Qb7# 1-0

[Event "16e Open International - Réunion"]
[Site "Saint-Denis (974)"]
[Date "2014.10.18"]
[Round "3.23"]
[White "Fontaine, Willy"]
[Black "Ringayen, Francinel"]
[Result "1/2-1/2"]
[WhiteElo "1456"]
[BlackElo "1361"]
[PlyCount "133"]
[EventDate "2014.??.??"]

1. e4 e5 2. Nf3 Nc6 3. c4 Nf6 4. d3 Bb4+ 5. Bd2 Bxd2+ 6. Nbxd2 O-O 7. Be2 d6 8.
h3 Be6 9. b3 Qe7 10. Ng5 Nd4 11. Nxe6 Qxe6 12. Nf3 Nxe2 13. Qxe2 h6 14. O-O c5
15. Nh4 g6 16. Qd2 Kg7 17. f4 Rab8 18. f5 Qe7 19. Rf2 Nxe4 20. dxe4 Qxh4 21.
Qxd6 Qxe4 22. Qxc5 Qd4 23. f6+ Kg8 24. Qxd4 exd4 25. Rd1 Rbd8 26. Rfd2 Rd6 27.
Rxd4 Rxf6 28. Rd7 Rb6 29. R1d5 a6 30. c5 Rb5 31. h4 Kg7 32. h5 g5 33. Rc7 b6
34. Rc6 Rb8 35. Kf2 Rxc5 36. Rdxc5 bxc5 37. Rxc5 Rd8 38. Ra5 Rd6 39. Kg1 Re6
40. Rd5 Kf6 41. b4 Rb6 42. a3 Ke6 43. Rc5 Kd6 44. Rf5 Ke6 45. Rc5 Kd6 46. Rc8
f5 47. Rh8 Ke7 48. Kf2 Kf7 49. Rh7+ Kf8 50. Kf3 Kg8 51. Rd7 Rc6 52. Kf2 Rc2+
53. Kg1 Rc6 54. Rb7 f4 55. b5 axb5 56. Rxb5 Ra6 57. Rb3 Kf7 58. Kf2 Kf6 59. g3
Kf5 60. gxf4 gxf4 61. Kf3 Ra5 62. Rc3 Kg5 63. Rd3 Ra4 64. Rd5+ Kh4 65. Rf5
Rxa3+ 66. Kxf4 Ra4+ 67. Kf3 1/2-1/2

[Event "16e Open International - Réunion"]
[Site "Saint-Denis (974)"]
[Date "2014.10.18"]
[Round "3.24"]
[White "Romain, Arnaud"]
[Black "Labrande, Mona"]
[Result "1-0"]
[WhiteElo "1582"]
[BlackElo "1200"]
[PlyCount "125"]
[EventDate "2014.??.??"]

1. d4 d5 2. f4 Nf6 3. Nf3 e6 4. e3 Nbd7 5. Bd3 Be7 6. O-O O-O 7. c4 c6 8. Nc3
b6 9. b3 Bb7 10. Qc2 g6 11. Bd2 Re8 12. Rae1 Bf8 13. e4 Bg7 14. e5 Nh5 15. g4
Nhf6 16. exf6 Nxf6 17. Ne5 a6 18. Be3 Qe7 19. h3 c5 20. dxc5 bxc5 21. Bf2 Rad8
22. Bh4 d4 23. Ne4 Bxe4 24. Bxe4 Qc7 25. Qd3 Rb8 26. Bc6 Rf8 27. Qf3 h6 28.
Bxf6 Bxf6 29. Nd7 Bh4 30. Re2 Rbd8 31. Nxf8 Kxf8 32. Be4 f5 33. gxf5 exf5 34.
Bd5 Kg7 35. Re6 Rf8 36. Qd3 Qd8 37. Qf3 Qd7 38. Rxa6 Qd8 39. Be6 d3 40. Qb7+
Be7 41. Qd5 Qxd5 42. Bxd5 Bh4 43. Rd1 Re8 44. Re6 Be7 45. Rxd3 h5 46. Bc6 Kf7
47. Bxe8+ Kxe6 48. Bxg6 Kf6 49. Bxh5 Kg7 50. Rg3+ Kh6 51. Bg6 Bd6 52. Bxf5 Bxf4
53. Rg6+ Kh5 54. Kg2 Be5 55. Rg4 Bf6 56. Kf3 Be7 57. Ke4 Bf6 58. Bg6+ Kh6 59.
Kf5 Kg7 60. Bh5+ Kh6 61. Kxf6 Kxh5 62. a3 Kh6 63. Rh4# 1-0

[Event "16e Open International - Réunion"]
[Site "Saint-Denis (974)"]
[Date "2014.10.18"]
[Round "3.25"]
[White "Cazal, Julian"]
[Black "Noel, Philippe"]
[Result "0-1"]
[WhiteElo "1100"]
[BlackElo "1297"]
[PlyCount "88"]
[EventDate "2014.??.??"]

1. e4 e5 2. Nf3 Nc6 3. Bc4 d6 4. d3 Bg4 5. h3 Bxf3 6. Qxf3 Nf6 7. d4 Nxd4 8.
Qd3 Be7 9. c3 Nc6 10. Bb3 O-O 11. Qg3 Nh5 12. Qg4 g6 13. O-O Na5 14. Bd1 Bf6
15. Qe2 Bg7 16. g4 Nf4 17. Bxf4 exf4 18. b4 Nc6 19. Na3 Bxc3 20. Rb1 Nd4 21.
Qd3 Qh4 22. Qxc3 f3 23. Qxd4 Qxh3 24. Bxf3 Qxf3 25. Rb3 Qxg4+ 26. Kh1 a6 27.
Rg3 Qh4+ 28. Kg1 c5 29. Qa1 cxb4 30. Nc4 d5 31. exd5 Qxc4 32. Rc1 Qxd5 33. Qf6
Rfe8 34. Qh4 h5 35. Rg5 Qd2 36. Qc4 Qxg5+ 37. Kf1 b5 38. Qxb4 Qxc1+ 39. Kg2
Qg5+ 40. Kf1 Qc1+ 41. Kg2 Re1 42. Qa5 Rg1+ 43. Kh2 Qf1 44. Qxa6 Qg2# 0-1

[Event "16e Open International - Réunion"]
[Site "Saint-Denis (974)"]
[Date "2014.10.18"]
[Round "3.26"]
[White "Caminade, Lionel"]
[Black "Laoussing, Mathis"]
[Result "1-0"]
[WhiteElo "1240"]
[BlackElo "1099"]
[PlyCount "37"]
[EventDate "2014.??.??"]

1. d4 d5 2. Nf3 Bf5 3. e3 Nf6 4. Bd3 Bxd3 5. Qxd3 e6 6. b3 Nc6 7. Qe2 Bb4+ 8.
c3 Bxc3+ 9. Nxc3 O-O 10. O-O h6 11. Ne5 Nxe5 12. dxe5 Ne4 13. Nxe4 dxe4 14. Rd1
Qg5 15. Rd7 Qxe5 16. Bb2 Qc5 17. Rc1 Qb6 18. Qg4 f6 19. Qxg7# 1-0

[Event "16e Open International - Réunion"]
[Site "Saint-Denis (974)"]
[Date "2014.10.18"]
[Round "3.27"]
[White "Hubert, Nathan"]
[Black "Sandjivy, Vivien"]
[Result "0-1"]
[WhiteElo "1099"]
[BlackElo "1220"]
[PlyCount "48"]
[EventDate "2014.??.??"]

1. e4 e5 2. Nc3 Nf6 3. Nf3 Nc6 4. Bc4 h6 5. O-O Bb4 6. a3 Bxc3 7. dxc3 Nxe4 8.
Qe1 d5 9. Qd1 dxc4 10. Qe2 Nd6 11. b3 cxb3 12. cxb3 e4 13. Nd2 Qf6 14. Nxe4
Nxe4 15. Qxe4+ Ne7 16. Qa4+ Bd7 17. Qc4 Bc6 18. Qb4 O-O-O 19. Qg4+ Kb8 20. Bf4
g5 21. Be3 h5 22. Qb4 Qe6 23. Bd4 Qd5 24. Bxh8 Qxg2# 0-1